Województwa Polski - Quiz nagłej śmierci na mapie - Statystyki

Ogólne statystyki
  • Ten quiz został rozwiązany 548 razy
  • Średni wynik to 13 z 16
Odpowiedzi na mapie
Odpowiedzi zakodowano w zielono-czerwonej skali na mapie do tego quizu, zgodnie z poniższymi procentami.
 
Statystyki odpowiedzi
Odpowiedź % Poprawnych
Zachodniopomorskie
97%
Pomorskie
96%
Warmińsko-mazurskie
90%
Mazowieckie
89%
Podlaskie
89%
Lubelskie
82%
Podkarpackie
80%
Małopolskie
79%
Łódzkie
77%
Świętokrzyskie
76%
Dolnośląskie
73%
Kujawsko-pomorskie
73%
Opolskie
73%
Śląskie
73%
Wielkopolskie
73%
Lubuskie
71%
Nie znaleziono quizów pasujących do podanych kryteriów
Rozkład punktacji
Procent ludzi z każdym wynikiem
Percentyl według liczby udzielonych odpowiedzi
Twoja historia wyników
Nie rozwiązałeś tego quizu